000 00383nam a22001577a 4500
003 OSt
005 20160412095441.0
008 160412b xxu||||| |||| 00| 0 eng d
020 _a978-0-321-56196-1
040 _cN/A
100 _aRAGAN LIPSEY
245 _aMICROECONOMICS
250 _a13TH EDITION
260 _aUNITED KINGDOM
_bPEARSON ADDISON WESLEY
_c2011
942 _2lcc
_cBK
999 _c253102
_d253101